000 00590nam a22001937a 4500
999 _c10569
_d10569
003 AR-CdUCM
008 190401b ||||| |||| 00| 0 spa d
040 _aMUNICIPALIDAD PROVINCIAL DEL CUSCO
_cBIBLIOTECA MUNICIPAL DEL CUSCO
082 _23ed.
_aEP / 800 /
_bM88
110 _aEdiciones Culturales Marfil
_927511
245 _aMujercitas /
260 _aLima :
_bLa Confianza S. A. ;
_c1988.
300 _a311 páginas ;
_bIlustraciones
_c19cm
505 _aContenido: Novela
650 _aLiteratura juvenil
_91580
650 _aNovela
_9572
942 _2ddc
_cLIBROS
945 _anom